| 000 | 00488nam a22001817a 4500 | ||
|---|---|---|---|
| 005 | 20231212113336.0 | ||
| 008 | 231116b |||||||| |||| 00| 0 eng d | ||
| 020 |
_a9788131613252 _cRs. 1295.00 |
||
| 040 | _aMAIN | ||
| 082 |
_a301.242 _bA64S |
||
| 100 | _aAlmeida, Paul | ||
| 245 | _aSocial movements: The structure of collective mobilization | ||
| 260 |
_aJaipur _bRawat Publications _c2023 |
||
| 300 | _ax, 224 | ||
| 650 | _aSociology | ||
| 650 | _aSocial Movements | ||
| 942 | _cBK | ||
| 999 |
_c308917 _d308917 |
||